Antitrust penalty reform: an economic analysis
| Autor principal: | |
|---|---|
| Otros Autores: | |
| Tipo de documento: | Print Libro |
| Lenguaje: | Inglés |
| Publicado: |
Washington, D.C.
American Enterprise Inst. for Public Policy Research
1986
|
| En: |
AEI studies (441)
Año: 1986 |
| Disponibilidad en Tübingen: | Disponible en Tübingen. UB: KB 8 E 2078 |
| Verificar disponibilidad: | HBZ Gateway |
| Servicio de pedido Subito: | Pedir ahora. |
| Palabras clave: |
MARC
| LEADER | 00000cam a2200000 c 4500 | ||
|---|---|---|---|
| 001 | 273063065 | ||
| 003 | DE-627 | ||
| 005 | 20251222212411.0 | ||
| 007 | tu | ||
| 008 | 891123s1986 xxu||||| 00| ||eng c | ||
| 020 | |a 0844736007 |9 0-8447-3600-7 | ||
| 035 | |a (DE-627)273063065 | ||
| 035 | |a (DE-576)01908711X | ||
| 035 | |a (DE-599)GBV273063065 | ||
| 035 | |a (OCoLC)13185200 | ||
| 035 | |a (OCoLC)246347824 | ||
| 035 | |a (OCoLC)13185200 | ||
| 040 | |a DE-627 |b ger |c DE-627 |e rakwb | ||
| 041 | |a eng | ||
| 044 | |c XD-US | ||
| 082 | 0 | |a 343.73/072/0269 | |
| 082 | 0 | |a 347.303720269 | |
| 100 | 1 | |a Breit, William |d 1933-2011 |0 (DE-588)170001970 |0 (DE-627)060003081 |0 (DE-576)359825524 |4 aut | |
| 109 | |a Breit, William 1933-2011 |a Breit, William Leo 1933-2011 |a Breit, Bill 1933-2011 |a Breit, William L. 1933-2011 | ||
| 245 | 1 | 0 | |a Antitrust penalty reform |b an economic analysis |c William Breit and Kenneth G. Elzinga |
| 264 | 1 | |a Washington, D.C. |b American Enterprise Inst. for Public Policy Research |c 1986 | |
| 300 | |a X, 83 S. |b graph. Darst | ||
| 336 | |a Text |b txt |2 rdacontent | ||
| 337 | |a ohne Hilfsmittel zu benutzen |b n |2 rdamedia | ||
| 338 | |a Band |b nc |2 rdacarrier | ||
| 490 | 1 | |a AEI Studies |v 441 | |
| 583 | 1 | |a Archivierung prüfen |c 20200919 |f DE-640 |z 1 |2 pdager | |
| 650 | 7 | |8 1.1\x |a Wettbewerbspolitik |0 (DE-627)091400627 |0 (DE-2867)10963-4 |2 stw | |
| 650 | 7 | |8 1.2\x |a Usa |0 (DE-627)091396867 |0 (DE-2867)17829-1 |2 stw | |
| 700 | 1 | |a Elzinga, Kenneth G. |0 (DE-588)170001989 |0 (DE-627)060003103 |0 (DE-576)130919330 |4 oth | |
| 810 | 2 | |a American Enterprise Institute for Public Policy Research |t AEI studies |v 441 |9 441 |w (DE-627)130493635 |w (DE-576)005369738 |w (DE-600)757596-8 |7 am | |
| 889 | |w (DE-627)021650799 | ||
| 889 | |w (DE-627)255331614 | ||
| 935 | |i mdedup | ||
| 951 | |a BO | ||
| ELC | |b 1 | ||
| LOK | |0 000 xxxxxcx a22 zn 4500 | ||
| LOK | |0 001 3329711221 | ||
| LOK | |0 003 DE-627 | ||
| LOK | |0 004 273063065 | ||
| LOK | |0 005 20151030144357 | ||
| LOK | |0 008 891123||||||||||||||||ger||||||| | ||
| LOK | |0 040 |a DE-21 |c DE-627 |d DE-21 | ||
| LOK | |0 852 |a DE-21 | ||
| LOK | |0 852 1 |c KB 8 E 2078 |9 00 | ||
| LOK | |0 935 |a krim | ||
| LOK | |0 939 |a 23-11-89 |b l01 | ||
| ORI | |a SA-MARC-krimdoka001.raw | ||
| SIG | |a UB: KB 8 E 2078 | ||
